| 000 | 00453nam a22001697a 4500 | ||
|---|---|---|---|
| 003 | OSt | ||
| 005 | 20260126023238.0 | ||
| 008 | 260126b |||||||| |||| 00| 0 eng d | ||
| 020 | _a978-142310150-5 | ||
| 040 |
_aDWCL - Main lib _cOC |
||
| 082 | _aFic. R585 2009 | ||
| 100 | _aRiordan, Rick | ||
| 245 |
_aThe last Olympian / _cRick Riordan |
||
| 260 |
_aNew York : _bHyperion books, _cc2009. |
||
| 300 |
_a381 p. : _c19 cm. |
||
| 942 |
_2ddc _cFIC. _mFic. _n0 |
||
| 999 |
_c7774 _d7774 |
||